00853nam a2200241 a 450000100060000000300080000600500170001400800390003103500190007003500180008904000320010704100110013908200180015010000430016824501200021125000300033126000460036130000270040750400200043465000280045465000390048283000900052121343BD-RjUL20211209000656.0140304s1966 enk 001 0 eng a(BD-RjUL)21407 a(OCoLC)250373 aDLCcDLCdm.cdBD-RjULbeng1 aengger a801bSCS 19661 aSchücking, Levin Ludwig,d1878-1964.14aThe sociology of literary taste /cLevin L. Schücking. Translated from the 3rd German edition by Brian Battershaw a2nd ed. (revised & reset) aLondon :bRoutledge & Kegan Paul,cc1966. aviii, 112 p. ;c22 cm. aIncludes index. 0aLiteraturexPhilosophy. 0aLiteraturexHistory and criticism. 0aInternational library of sociology and social reconstruction (Routledge & Kegan Paul)